Proceedings of the International seminar held at Department of Sanskrit, Calicut University current reading in Arthasastra / (Record no. 48076)

MARC details
000 -LEADER
fixed length control field 01019nam a22002417a 4500
005 - DATE AND TIME OF LATEST TRANSACTION
control field 20100906144528.0
008 - FIXED-LENGTH DATA ELEMENTS--GENERAL INFORMATION
fixed length control field 100906t xxu||||| |||| 00| 0 eng d
010 ## - LCCN (DPL NO)
LC control number ENG-101600
020 ## - INTERNATIONAL STANDARD BOOK NUMBER
International Standard Book Number 9788177481327
Terms of availability 150.00
035 ## - SYSTEM CONTROL NUMBER
System control number EN-85133
037 ## - SOURCE OF ACQUISITION
Source of stock number/acquisition DBAD/PUB
040 ## - CATALOGING SOURCE
Original cataloging agency dpl
Language of cataloging Eng
082 ## - DEWEY DECIMAL CLASSIFICATION NUMBER
Classification number 306.0954
111 ## - MAIN ENTRY--MEETING NAME
Meeting name or jurisdiction name as entry element International seminar held at department of sanskrit, Calicut University
Location of meeting Calicut University
Date of meeting 18-19 October, 2005
9 (RLIN) 18615
245 ## - TITLE STATEMENT
Title Proceedings of the International seminar held at Department of Sanskrit, Calicut University current reading in Arthasastra /
Statement of responsibility, etc edited by C. Rajendran
260 ## - PUBLICATION, DISTRIBUTION, ETC. (IMPRINT)
Place of publication, distribution, etc Calicut
Name of publisher, distributor, etc University of Calicut
Date of publication, distribution, etc 2008
270 ## - ADDRESS
Address Calicut
City Calicut
300 ## - PHYSICAL DESCRIPTION
Extent 224p.
Dimensions 21cm (pbk)
700 ## - ADDED ENTRY--PERSONAL NAME
9 (RLIN) 18623
710 ## - ADDED ENTRY--CORPORATE NAME
Corporate name or jurisdiction name as entry element Applied Physics Department, Faculty of Technology and Engineering
9 (RLIN) 18616
942 ## - ADDED ENTRY ELEMENTS (KOHA)
Source of classification or shelving scheme Dewey Decimal Classification
Item type English Books
Call number suffix INT
Classification part 306.0954
Holdings
Withdrawn status Lost status Source of classification or shelving scheme Damaged status Not for loan Collection code Home library Current library Date acquired Source of acquisition Cost, normal purchase price Total Checkouts Full call number Barcode Date last seen Copy number Cost, replacement price Koha item type
    Dewey Decimal Classification   Not For Loan Non-fiction D.B.Act.Division D.B.Act.Division 30/09/2010 DBAD/PUB 150.00   INT EN-85133 30/09/2010 1 150.00 English Books

© Delhi Public Library
Hit Counter
free hit counter